Представление документа в формате MARC21

Поле Инд. ПП Название Значение
Тип записи a
Библиографический уровень b
001 Контрольный номер 72e91247943c4b3685412754cde4cf5b
005 Дата корректировки 20230111154603.0
040 a Служба первич. каталог. Scopus
041 0_ a Код языка текста eng
097 a Костяева О.Г.
100 1_ a Автор Rusov D.
c Титул (звания) студент
j Принадлежность неизвестного автора к последователям, ученикам, сторонникам, школе и т. д. государственный университет "Дубна"
q Полное имя Русов Даниил Игоревич
100 1_ a Автор Nikolskaia A.
100 1_ a Автор Goncharov P.
c Титул (звания) аспирант
j Принадлежность неизвестного автора к последователям, ученикам, сторонникам, школе и т. д. государственный университет "Дубна"
q Полное имя Гончаров Павел Владимирович
100 1_ a Автор Shchavelev E.
100 1_ a Автор Ososkov G.
i 000089072
k Кафедра системного анализа и управления; Институт системного анализа и управления
q Полное имя Ососков Геннадий Алексеевич
u Дополнение Ососков Г. А.; Ososkov Gennady; Ososkov G. A.
c Титул (звания) профессор (ученое звание); доктор физико-математических наук; профессор (должность);
g Прочие сведения РИНЦ AuthorID: 3123 (http://elibrary.ru/author_items.asp?authorid=3123); SPIN-код: 6985-5396 (http://elibrary.ru/author_items.asp?authorid=10316); Scopus Author ID: 6701754936 (https://www.scopus.com/authid/detail.uri?authorId=6701754936); ORCID ID: http://orcid.org/0000-0002-3223-6953; ResearcherID: B-8079-2016 (http://www.researcherid.com/rid/B-8079-2016)
245 10 a Заглавие Deep neural network applications for particle tracking at the BM@N and SPD experiments
773 18 t Название источника Proceedings of Science
b Сведения об издании Sissa Medialab Srl
c Italy
x ISSN 1824-8039
g Прочая информация V. 429
d Место и дата издания 2022
m Специф. данные входит в Scopus; сборник трудов конференции
o Прочие индексы scopus 0.11
w Контрольный № источника 427c302de3ec48df950d4e82f8826b43
a Заголовок основной записи The 6th International Workshop on Deep Learning in Computational Physics (DLCP2022) 6-8 July 2022
901 t Тип документа b
952 c Вид литературы материалы конференции